Central Library OPAC University of Rajshahi

Translators and translations : (Record no. 67056)

MARC details
000 -LEADER
fixed length control field 00797nam a2200253 a 4500
001 - CONTROL NUMBER
control field 67056
003 - CONTROL NUMBER IDENTIFIER
rucl marc code BD-RjUL
005 - DATE AND TIME OF LATEST TRANSACTION
control field 20211209081618.0
008 - FIXED-LENGTH DATA ELEMENTS--GENERAL INFORMATION
fixed length control field 170322s1965 nyu br 001 0 eng
035 ## - SYSTEM CONTROL NUMBER
System control number (BD-RjUL)67187
040 ## - CATALOGING SOURCE
Original cataloging agency DLC
Transcribing agency DLC
Modifying agency BD-RjUL
Language of cataloging eng
041 ## - LANGUAGE CODE
Language code of text/sound track or separate title eng
082 00 - DEWEY DECIMAL CLASSIFICATION NUMBER
Classification number 001.7
Edition number 23
Author mark and year TRA 1965
245 10 - TITLE STATEMENT
Title Translators and translations :
Remainder of title services and sources in science and technology. /
Statement of responsibility, etc. Frances E. Kaiser
250 ## - EDITION STATEMENT
Edition statement 2d ed.
260 ## - PUBLICATION, DISTRIBUTION, ETC. (IMPRINT)
Place of publication, distribution, etc. New York :
Name of publisher, distributor, etc. Special Libraries Association,
Date of publication, distribution, etc. 1965.
300 ## - PHYSICAL DESCRIPTION
Pagination x, 214 p. ;
Size 28 cm.
500 ## - GENERAL NOTE
General note Includes index
650 #0 - SUBJECT ADDED ENTRY--TOPICAL TERM
Topical term or geographic name as entry element Science
General subdivision Translating
-- Directories.
9 (RLIN) 198611
Topical term or geographic name as entry element Technology
General subdivision Translating
-- Directories.
9 (RLIN) 198612
700 ## - ADDED ENTRY--PERSONAL NAME
Personal name Kaiser, Frances E.,
942 ## - ADDED ENTRY ELEMENTS (KOHA)
Source of classification or shelving scheme Dewey Decimal Classification
Koha item type Books
Holdings
Lost status Source of classification or shelving scheme Damaged status Not for loan Collection code Permanent Location Current Location Shelving location Date acquired Source of acquisition Cost, normal purchase price Total Checkouts Full call number Date last seen Copy number Koha item type
  Dewey Decimal Classification   Not For Loan Non-fiction Central Library, University of Rajshahi Central Library, University of Rajshahi Reading Room 29/12/1969 Sweet and zeitnnger 166.00   001.7 TRA 1965 22/03/2017 C-1 Books